| 000 | 00516nam a2200193Ia 4500 | ||
|---|---|---|---|
| 005 | 20250508152132.0 | ||
| 008 | 008 250505s9999 xx 000 0 hin d | ||
| 037 | _aTextual | ||
| 040 |
_aFEDL _beng _cFEDL |
||
| 041 |
_ahin _2eng |
||
| 084 |
_a304.6, BOW _qFEDL |
||
| 100 | _aBowen Ian | ||
| 245 | 0 | _aPopulation | |
| 260 |
_aLondon, UK _bJames Nisbet and Co. Ltd. _c1954 |
||
| 300 | _axv,256p. | ||
| 700 |
_a Guillebaud C. W. _9760837 |
||
| 942 |
_cTEXL _h304.6, BOW |
||
| 999 |
_c1334493 _d1334493 |
||